000 00278nam a2200133Ia 4500
100 _aKrechmar/V.A
942 _cBK
654 _aAlgebra
245 _aProblem Book In Algebra
260 _bMir Publishers
_aMoscow
_c1974
082 _a512
300 _a504
546 _aENGLISH
999 _c20020
_d20020